| 000 | 00585nam a2200205Ia 4500 | ||
|---|---|---|---|
| 005 | 20260429112143.0 | ||
| 008 | 260429s9999||||xx |||||||||||||| ||und|| | ||
| 020 | _a9781071876206 | ||
| 041 | _aEnglish | ||
| 082 |
_a658.406 _bAND |
||
| 100 | _aAnderson, Donald L. | ||
| 245 | 0 |
_aOrganization development : _bthe process of leading organizational change / _cDonald L. Anderson |
|
| 250 | _a6th ed. | ||
| 260 |
_aCalifornia : _bSage, _c2024. |
||
| 300 | _axxi, 491 p.; pbk | ||
| 650 | _a Change | ||
| 650 | _a Interventions | ||
| 650 | _aOrganization development | ||
| 942 | _cTB | ||
| 999 |
_c52630 _d52630 |
||